000
00475nam a2200157Ia 4500
008
100204s9999 xx 000 0 und d
082
_b
28815
100
_a
मोने उत्तरा
245
_a
आय रिमेंबर
250
_a
0
260
_b
"सांस्कृतिक प्रकाशन , मुंबई"
_c
2008
300
_a
128
630
_a
आय रिमेंबर
730
_a
आय रिमेंबर
942
_c
BOOK
999
_c
473995
_d
473992